Public Procurement and Contract Administration: a brief introduction (Record no. 9604)

MARC details
000 -LEADER
fixed length control field 00623nam a22002177a 4500
003 - CONTROL NUMBER IDENTIFIER
control field OSt
005 - DATE AND TIME OF LATEST TRANSACTION
control field 20260224123216.0
008 - FIXED-LENGTH DATA ELEMENTS--GENERAL INFORMATION
fixed length control field 260224b |||||||| |||| 00| 0 eng d
020 ## - INTERNATIONAL STANDARD BOOK NUMBER
International Standard Book Number 10: 1520977638
020 ## - INTERNATIONAL STANDARD BOOK NUMBER
International Standard Book Number 978113892150X
040 ## - CATALOGING SOURCE
Transcribing agency DDC
082 ## - DEWEY DECIMAL CLASSIFICATION NUMBER
Classification number 657 LYN 2019
100 ## - MAIN ENTRY--PERSONAL NAME
Personal name Lynch, Jorge A.
9 (RLIN) 19542
245 ## - TITLE STATEMENT
Title Public Procurement and Contract Administration: a brief introduction
260 ## - PUBLICATION, DISTRIBUTION, ETC. (IMPRINT)
Place of publication, distribution, etc. London; Routledge, 2019
300 ## - PHYSICAL DESCRIPTION
Extent 229p.; Ill: 25cm
504 ## - BIBLIOGRAPHY, ETC. NOTE
Bibliography, etc Notes, references, & index all included
650 ## - SUBJECT ADDED ENTRY--TOPICAL TERM
Topical term or geographic name as entry element Procurement
9 (RLIN) 339
650 ## - SUBJECT ADDED ENTRY--TOPICAL TERM
Topical term or geographic name as entry element Contract administration
9 (RLIN) 19543
942 ## - ADDED ENTRY ELEMENTS (KOHA)
Source of classification or shelving scheme Dewey Decimal Classification
Koha item type Open Shelf
Holdings
Withdrawn status Lost status Source of classification or shelving scheme Damaged status Not for loan Home library Current library Date acquired Source of acquisition Inventory number Total Checkouts Full call number Barcode Date last seen Koha item type
    Dewey Decimal Classification     MUST Main Library MUST Main Library 24/02/2026 purchase 25/42464   657 LYN 2019 2026-0014 24/02/2026 Open Shelf
    Dewey Decimal Classification     MUST Main Library MUST Main Library 24/02/2026 purchase 25/42465   657 LYN 2019 2026-0015 24/02/2026 Open Shelf